00698nam a22001937a 450000500170000001000150001702000270003203500140005903700130007308200120008610000320009824500810013026000360021127000550024730000210030294200260032399900190034995201360036820230922113627.0 aENG-133320 a9788195055975c1500.00 aEN-116852 bDBAD/PUB a791.430 aRajadhyaksha, Ashish957331 aJohn- Ghatak- Tarkovsky :bCitizens Filmmakers Hackers/cAshish Rajadhyaksha aNew Delhi bTulika Books c2023 a44(First Floor),Shanti NiketanbNew Delhi e110049 a328,pc23cm(pbk) 2ddccENh790.430mRAJ c189266d189266 001040718NFICaBNbBNd2023-09-22eDBAD/PUBg1500.00l0o791.430 RAJpEN-116852r2023-09-22 00:00:00t1v1500.00w2023-09-22yEN